000 00423nam a22001817a 4500
003 CEME
005 20210628202259.0
008 210301b xxu||||| |||| 00| 0 eng d
020 _a969-0-01111-1
040 _c.
082 _a891.4393 MUM
100 _aMumtaz Mufti
_9370
245 _a Asma raheey
260 _aLAHORE
_bFEROZ SONS
_c1993
300 _a279P
650 _aURDU ADAB-AFSANAY
_958964
942 _cBK
_2ddc
999 _c569171
_d569171